Séries Netflix par images - Statistiques

Statistiques générales
  • Ce quiz a été pris 113 322 fois
    109 002 depuis la dernière actualisation
  • Le résultat moyen est 11 sur 16
Statistiques - réponses
Par images Réponse % Correct
Mercredi
97%
Squid Game
95%
La casa de papel
94%
Lupin
88%
Stranger Things
84%
Sex Education
79%
Elite
73%
Lucifer
68%
Le Jeu de la dame
64%
The Crown
63%
You
63%
La Chronique des Bridgerton
62%
13 Reasons Why
57%
The Witcher
55%
Umbrella Academy
49%
Narcos
48%
Aucun quiz correspondant
Distribution des résultats
% des personnes avec chaque résultat
Percentile par nombre de réponses
Votre historique - résultats
Vous n’avez pas pris ce quiz depuis la dernière actualisation